U.S. States with the Largest Finnish Populations - Statistics

General Stats
  • This quiz has been taken 140 times
  • The average score is 8 of 10
Answer Stats
Rank Finnish Population State % Correct
3 32,028 California
92%
2 63,929 Minnesota
89%
1 68,203 Michigan
85%
6 18,990 Florida
83%
4 31,385 Washington
82%
10 10,913 Illinois
77%
5 27,011 Wisconsin
77%
9 11,003 Ohio
76%
7 15,141 Oregon
74%
8 14,279 Massachusetts
48%
No matching quizzes found
Score Distribution
Percent of People with Each Score
Percentile by Number Answered
Your Score History
You have not taken this quiz